Making digital type look good

Bibliographic Details
Main Author: Gordon, Bob
Format: Book
Published: London : Thames & Hudson , 2001
Subjects:

MARC

LEADER 00000cam a2200000 7i4500
001 0000011703
005 20050419.0
020 |a 0500283133 
040 |a INS 
090 0 0 |a Z250.7.   |b G651 2001 
100 1 |a Gordon, Bob 
245 1 0 |a Making digital type look good   |c Bob Gordon 
260 |a London :   |b Thames & Hudson ,   |c 2001 
300 |a 191p :   |b 26cm 
650 0 0 |a Digital techniques 
650 0 0 |a Type and type founding 
999 |a 0000011121   |b BOOK   |c Open Shelf   |e Default branch